000 00946nam a2200241Ia 4500
003 OSt
005 20250711145105.0
008 191128t1998 sp a dr 000 f spa d
020 _a9788420789873
040 _aCO-JMCR
_cCO-JMCR
041 _aspa
082 0 4 _aN
_bCASa
100 1 _aCasalderrey, Fina ,
_d1951
_eautora
_96549
245 1 0 _aAlas de mosca para Ángel /
_cFina Casalderrey
250 _aPrimera edición
260 _aMadrid :
_bAnaya,
_c©1998
300 _a144 páginas :
_bilustraciones blanco y negro ;
_c20 cm.
490 0 _aSopa de libros
500 _aIncluye biográfia del autor en página 141.
520 _aEstrella, una nueva alumna de sexto de primaria, produce ciertas incomodidades debido al cuidado especial que requiere. Pero su reacción ante la noticia de un secuestro conmoverá a sus compañeros de clase, a su familia y a la opinión pública demostrando
650 1 4 _aNovela
_96550
942 _2ddc
_cBK
999 _c3378
_d3378